000 01216cam a22002651i 4500
003 SA-RiAUC
005 20250113090106.0
008 250107s1977 ua g 00000 ara c
040 _aSA-RiAUC
_bara
_cSA-RiAUC
_erda
082 0 4 _a252
_qSA-RiAUC
090 _a252
_b ح ك ي
100 1 _aالحكيم الترمذي، محمد بن علي بن الحسن،
_dتوفي حوالي 320 هجري
_eمؤلف.
245 1 0 _aكتاب منازل العباد من العبادة، أو، منازل القاصدين إلى الله /
_cمحمد بن علي الحكيم الترمذي ؛ تحقيق محمد إبراهيم الجيوش.
246 3 0 _aمنازل العباد من العبادة
246 3 3 _aمنازل القاصدين إلى الله.
264 1 _aالقاهرة :
_bدار النهضة العربية،
_c1977
300 _a94 صفحة ؛
_c24 سم
336 _aنص
_btxt
_2rdacontent
_3كتاب
337 _aبدون وسيط
_bn
_2rdamedia
338 _aمجلد
_bnc
_2rdacarrier
650 7 _aالعبادات (فقه إسلامي)
_xفضائل
_2aucsh
700 1 _aالجيوشي، محمد إبراهيم
_eمحقق.
942 _2ddc
_cBOOK
_n0
949 _aSA-JeALM
_d250107
_uosman123
_n1
999 _c4694
_d4694